| 000 | 01101nac a22002891u 4500 | ||
|---|---|---|---|
| 010 | _a77003112 | ||
| 020 |
_a0801410398. _a0801491681 |
||
| 082 | 0 | 0 |
_a618.32 _bA6151 |
| 090 |
_c1714 _d1714 |
||
| 100 | _aAnnis, Linda Ferrill, | ||
| 245 | 1 | 4 |
_aThe child before birth / _cLinda Ferrill Annis. |
| 260 |
_aIthaca, N.Y. : _bCornell University Press, _c1978. |
||
| 300 |
_a194 p. : _bill. (some col.) ; _c25 cm. |
||
| 490 | 0 | _aCornell paperbacks | |
| 500 | _aIncludes index. | ||
| 500 | _aDonations | ||
| 500 | _aDonations - Dr. Mostafa Gouda | ||
| 504 | _aBibliography: p. 180-190. | ||
| 520 | _aExamines prenatal development and factors influencing the unborn child, such as nutrition, maternal characteristics and experiences, drugs, and diseases. | ||
| 650 | 0 | _aFetus. | |
| 650 | 0 | _aPrenatal influences. | |
| 650 | 0 |
_aFetus _xDiseases. |
|
| 650 | 0 | _aFetus. | |
| 650 | 0 | _aPrenatal influences. | |
| 942 |
_cBB _k618.32A6151 |
||
| 999 |
_c1714 _d1714 |
||